| 000 | 00307 a2200121 4500 | ||
|---|---|---|---|
| 001 | 92349 | ||
| 082 | _a620.1126 BRO | ||
| 090 |
_c44317 _d44318 |
||
| 100 | _aDavid Broek | ||
| 245 | _aPractical use of fracture mechanics | ||
| 260 |
_aLondon _bKluwer Academic Publishers _c1989 |
||
| 300 | _axiii, 522 p. | ||
| 942 |
_aNUST-CAE _k620.1126 BRO |
||
| 999 |
_c327422 _d327422 |
||